[Event "London Mindsports op 4th"]
[Site "London"]
[Date "2024.07.18"]
[Round "1"]
[White "Adams, Henry"]
[Black "Verma, Shlok"]
[Result "1/2-1/2"]
[WhiteElo "2000"]
[BlackElo "2102"]
[PlyCount "151"]
[EventDate "2024.07.18"]
[EventType "swiss"]
[EventRounds "9"]
[EventCountry "ENG"]
[SourceTitle "EXT 2025"]
[Source "ChessBase"]
[SourceDate "2024.10.14"]
[SourceVersion "1"]
[SourceVersionDate "2024.10.14"]
[SourceQuality "1"]

1. d4 d5 2. Nf3 Nf6 3. g3 e6 4. Bg2 c5 5. 0-0 Nc6 6. c4 dxc4 7. Qa4 cxd4 8. Nxd4 Qxd4 9. Bxc6+ Bd7 10. Rd1 Qxd1+ 11. Qxd1 Bxc6 12. Qc2 Bc5 13. Qxc4 Ne4 14. Nd2 Bxf2+ 15. Kf1 Nxd2+ 16. Bxd2 Bb6 17. Bc3 0-0-0 18. b4 Kb8 19. Bxg7 Rhe8 20. Be5+ Ka8 21. a4 Rc8 22. Qh4 Bd5 23. a5 Be3 24. Qxh7 f6 25. Qd3 Bg5 26. Bd4 Bc4 27. Qf3 Bd5 28. Qf2 a6 29. h4 Bd2 30. Bc5 Bc3 31. Rd1 Rg8 32. Rd3 Be5 33. Re3 Rg4 34. Ke1 Rcg8 35. Kd1 Bxg3 36. Qxf6 Bxh4 37. Qf7 R4g7 38. Qh5 Bf6 39. Rd3 Rg6 40. Kd2 Bg5+ 41. Kd1 Rh6 42. Qf7 Rh1+ 43. Kc2 Rgh8 44. Rxd5 exd5 45. Qxd5 Bf6 46. Qf3 Be5 47. Qe4 Bb8 48. Bd4 Rc8+ 49. Kb3 Rh3+ 50. e3 Rg3 51. Qd5 Ba7 52. Bxa7 Kxa7 53. Ka4 Re8 54. e4 Rg4 55. e5 Rg5 56. Qd4+ Ka8 57. e6 Rgg8 58. Qd7 Rd8 59. Qf7 Rdf8 60. Qh7 Rh8 61. e7 Rc8 62. Qf7 Rhg8 63. Qe6 Kb8 64. Qd6+ Ka8 65. Qd7 Kb8 66. b5 axb5+ 67. Kxb5 Rc6 68. e8Q+ Rxe8 69. Qxe8+ Ka7 70. Qe3+ Ka8 71. Qd4 Ra6 72. Qd8+ Ka7 73. Kc5 Rc6+ 74. Kd5 Ra6 75. Kc5 Rc6+ 76. Kb5 1/2-1/2

[Event "London Mindsports op 4th"]
[Site "London"]
[Date "2024.07.18"]
[Round "2"]
[White "Pal, Rohan"]
[Black "Adams, Henry"]
[Result "1/2-1/2"]
[WhiteElo "2077"]
[BlackElo "2000"]
[PlyCount "51"]
[EventDate "2024.07.18"]
[EventType "swiss"]
[EventRounds "9"]
[EventCountry "ENG"]
[SourceTitle "EXT 2025"]
[Source "ChessBase"]
[SourceDate "2024.10.14"]
[SourceVersion "1"]
[SourceVersionDate "2024.10.14"]
[SourceQuality "1"]

1. e4 e5 2. Nc3 Nf6 3. g3 Nc6 4. Bg2 Bc5 5. Nge2 0-0 6. 0-0 a6 7. d3 d6 8. h3 Ne8 9. Kh2 f5 10. f4 exf4 11. Bxf4 Nd4 12. Qd2 c6 13. Rae1 Ne6 14. Be3 Bxe3 15. Qxe3 fxe4 16. Rxf8+ Kxf8 17. Nxe4 d5 18. Nc5 Nxc5 19. Qxc5+ Qd6 20. b4 Bd7 21. Nd4 Qxc5 22. bxc5 Nc7 23. a4 Re8 24. Rb1 Bc8 25. Bf3 Re7 26. Kg2 1/2-1/2

[Event "Reykjavik op"]
[Site "Reykjavik"]
[Date "2023.04.01"]
[Round "5"]
[White "Adams, Henry"]
[Black "Laddha, Shubh Jayesh"]
[Result "1/2-1/2"]
[WhiteElo "1859"]
[BlackElo "2422"]
[PlyCount "52"]
[EventDate "2023.03.29"]
[EventType "swiss"]
[EventRounds "9"]
[EventCountry "ISL"]
[SourceTitle "CBM 213 Extra"]
[Source "ChessBase"]
[SourceDate "2023.05.31"]
[SourceVersion "1"]
[SourceVersionDate "2023.05.31"]
[SourceQuality "1"]

1. e4 e5 2. Nf3 Nc6 3. Bc4 Nf6 4. d3 Bc5 5. c3 d6 6. 0-0 a5 7. Re1 0-0 8. h3 Be6 9. Nbd2 Bxc4 10. Nxc4 h6 11. a4 Re8 12. Be3 Bxe3 13. Nxe3 Qd7 14. Qc2 Rad8 15. Rad1 d5 16. exd5 Nxd5 17. Nxd5 Qxd5 18. d4 e4 19. Ne5 f5 20. Nxc6 Qxc6 21. Qb3+ Kh7 22. d5 Qd6 23. Qxb7 Rb8 24. Qc6 Qxc6 25. dxc6 Rxb2 26. Rd5 Rc2 1/2-1/2

[Event "Reykjavik op"]
[Site "Reykjavik"]
[Date "2023.03.30"]
[Round "2"]
[White "Kracht, Raphael"]
[Black "Adams, Henry"]
[Result "1/2-1/2"]
[WhiteElo "2145"]
[BlackElo "1859"]
[PlyCount "157"]
[EventDate "2023.03.29"]
[EventType "swiss"]
[EventRounds "9"]
[EventCountry "ISL"]
[SourceTitle "CBM 213 Extra"]
[Source "ChessBase"]
[SourceDate "2023.05.31"]
[SourceVersion "1"]
[SourceVersionDate "2023.05.31"]
[SourceQuality "1"]

1. e4 c5 2. c3 Nf6 3. e5 Nd5 4. d4 cxd4 5. Nf3 Nc6 6. Bc4 Nb6 7. Bb3 d6 8. exd6 Qxd6 9. Na3 dxc3 10. Qe2 cxb2 11. Bxb2 Qb4+ 12. Kf1 Bg4 13. Nb5 Rd8 14. Nc7+ Kd7 15. Nb5 a6 16. Nbd4 Nxd4 17. Bxd4 Kc8 18. Qe3 Qb5+ 19. Kg1 Bxf3 20. Bxb6 Rd6 21. Qxf3 Qxb6 22. Qxf7 Kb8 23. Qf4 Ka7 24. h4 Rf6 25. Qe3 Qxe3 26. fxe3 e6 27. Rh3 Bc5 28. Kh2 Rd8 29. Rf3 Rxf3 30. gxf3 Bxe3 31. Bxe6 Rd6 32. Bb3 Bf2 33. h5 Bd4 34. Rd1 Be5+ 35. Kg2 Rxd1 36. Bxd1 Kb6 37. Bc2 h6 38. Be4 Kc7 39. Kf2 b5 40. Ke3 Kd6 41. Kd3 Kc5 42. Kc2 a5 43. a4 bxa4 44. Kb1 Kd4 45. Ka2 Bd6 46. Kb1 Ke3 47. Ka2 Kf4 48. Kb1 Kg5 49. Bg6 Bb4 50. Ka2 Kf4 51. Be4 Ke3 52. Kb1 Kd2 53. Ka2 Kc3 54. Bc6 a3 55. Be4 Bf8 56. Bf5 Kd2 57. Be4 Kc1 58. Bf5 a4 59. Be4 Kd2 60. Bf5 Ke2 61. Be4 Ke3 62. Kb1 Kf4 63. Ka2 g5 64. Bd5 Kg3 65. Bc6 Kf4 66. Bd5 Bc5 67. Bc6 Ke3 68. Bd5 Kf2 69. Bc6 Kg3 70. Bd5 Bd6 71. Bc6 Kh4 72. Be8 Be7 73. Bf7 Kg3 74. Bd5 Kf4 75. Bc6 Ke5 76. Kb1 Kf4 77. Ka2 Ke5 78. Kb1 Kf4 79. Ka2 1/2-1/2

[Event "Cambridge op"]
[Site "Cambridge"]
[Date "2023.02.19"]
[Round "9"]
[White "Adams, Henry"]
[Black "Walker, Martin Graham"]
[Result "1/2-1/2"]
[WhiteElo "1738"]
[BlackElo "2133"]
[PlyCount "56"]
[EventDate "2023.02.15"]
[EventType "swiss"]
[EventRounds "9"]
[EventCountry "ENG"]
[SourceTitle "CBM 212 Extra"]
[Source "ChessBase"]
[SourceDate "2023.03.31"]
[SourceVersion "1"]
[SourceVersionDate "2023.03.31"]
[SourceQuality "1"]

1. e4 Nf6 2. e5 Nd5 3. d4 d6 4. c4 Nb6 5. exd6 cxd6 6. Nc3 g6 7. Be3 Bg7 8. Rc1 0-0 9. b3 Nc6 10. d5 Nb4 11. Bd4 Bh6 12. a3 Bxc1 13. Qxc1 Na6 14. Qh6 f6 15. Bd3 Qe8 16. Ne4 Bf5 17. Ng5 Rf7 18. Bxf5 gxf5 19. h4 Rg7 20. Ne6 Rg6 21. Qf4 Rg4 22. Qf3 Qg6 23. h5 Qf7 24. Qxf5 Rxd4 25. Nxd4 Nc5 26. Rh3 Kh8 27. Rg3 Rg8 28. Rxg8+ Qxg8 1/2-1/2

[Event "Cambridge op"]
[Site "Cambridge"]
[Date "2023.02.16"]
[Round "4"]
[White "Fava, Lorenzo"]
[Black "Adams, Henry"]
[Result "1-0"]
[WhiteElo "2089"]
[BlackElo "1738"]
[PlyCount "45"]
[EventDate "2023.02.15"]
[EventType "swiss"]
[EventRounds "9"]
[EventCountry "ENG"]
[SourceTitle "CBM 212 Extra"]
[Source "ChessBase"]
[SourceDate "2023.03.31"]
[SourceVersion "1"]
[SourceVersionDate "2023.03.31"]
[SourceQuality "1"]

1. d4 Nf6 2. Bg5 d5 3. Nd2 Nbd7 4. e3 e6 5. Bd3 Bd6 6. f4 0-0 7. Ngf3 c5 8. c3 b6 9. Ne5 Qc7 10. 0-0 Bb7 11. Qf3 Rfe8 12. Qg3 a6 13. Nxd7 Nxd7 14. Bh6 Bf8 15. Bg5 Bc6 16. Rf3 g6 17. Qh4 Bg7 18. Rh3 Nf8 19. Nf3 cxd4 20. exd4 b5 21. Ne5 a5 22. Bf6 Rec8 23. Ng4 1-0